000 01444nab a2200265 a 4500
001 15536
003 30617
005 20240710094832.0
008 ||||||n9999 ||| || ||
041 _aspa
082 _219
_a307.76
100 _aCoraggio, José Luis
245 0 _aCaminos recorridos y por recorrer :
_blas ideas y su contexto
260 _aEcuador :
_bCiudad,
_c1990.
300 _a343p
505 _aContenido: La investigación urbana en América Latina durante las últimas décadas / Jorge Enrique Hardoy ; Planificación urbana: evolución y perspectivas / Alberto Federico Sabaté, Federico G. Robert ; Hacer la historia de la investigación urbana: la experiencia francesa desde 1965 / Christian Topalov ; Crisis económica, política de austeridad y cuestión urbana en América Latina / Emilio Pradilla ; La urbanización en América Latina en los años de crisis / Alejandro Portes ; La urbanización y el crecimiento urbano en América Latina, desde una perspectiva demográfica / Alfredo E. Lattes ; Dilemas de la investigación urbana desde una perspectiva popular en América Latina / José Luis Coaraggio
562 _e1
650 _aCRISIS ECONÓMICA--AMÉRICA LATINA
650 _aSOCIOLOGÍA URBANA--AMÉRICA LATINA
650 _aURBANISMO--INVESTIGACIONES--AMÉRICA LATINA
773 _015537
_aLa investigación urbana en América Latina
942 _cBKM
999 _c15536
_d15536
526 _a10406
526 _a4969